| 000 | 006380000a22002170004500 | ||
|---|---|---|---|
| 090 |
_aAR _b03484 |
||
| 245 | 1 | 0 | _aPhylogenetic relationships of Scotussa and Leiotettix (Orthoptera: Acrididae) |
| 650 | 1 | 4 |
_aEntomología _94483 |
| 650 | 1 | 4 |
_aCladística _912117 |
| 650 | 1 | 4 |
_aSistemática animal _992968 |
| 650 | 1 | 4 |
_aFilogenética _94310 |
| 650 | 1 | 4 |
_aAcridiología _996690 |
| 653 | _gScotussa | ||
| 653 | _gLeiotettix | ||
| 041 | 0 | _aInglés | |
| 700 | 1 |
_aRonderos, Ricardo A. _996611 |
|
| 700 | 1 |
_aKemp, William P. _996665 |
|
| 100 | 1 |
_aCigliano, María Marta _996610 |
|
| 942 | _cARTICULO | ||
| 773 | 1 |
_tCladistics _q125-138 _d1996 _g12 |
|
| 999 |
_c12534 _d12534 |
||